header

Disabled veterans in history (Record no. 81243)

MARC details
000 -LEADER
fixed length control field 01193nam a2200313Ia 4500
245 00 - TITLE STATEMENT
Title Disabled veterans in history
250 ## - EDITION STATEMENT
Edition statement Enlarged and rev. ed.
260 ## - PUBLICATION, DISTRIBUTION, ETC. (IMPRINT)
Place of publication Ann Arbor :
Name of publisher University of Michigan Press,
Year of publication 2012.
300 ## - PHYSICAL DESCRIPTION
Number of Pages xxiii, 384 p. :
Other physical details ill.
490 0# - SERIES STATEMENT
Series statement Corporealities : discourses of disability
650 #0 - SUBJECT ADDED ENTRY--TOPICAL TERM
Topical Term History.
Topical Term Disabled veterans.
700 1# - ADDED ENTRY--PERSONAL NAME
Personal name Gerber, David A.,
856 40 - ELECTRONIC LOCATION AND ACCESS
Uniform Resource Identifier http://site.ebrary.com/lib/rucke/Doc?id=10569750

No items available.

© 2026 Rongo University
Contact us: librarian | system librarian | Rongo university